Familias a todo dar : ensayos de pedagogía familiar : 20 temas redactados especialmente para estudio en grupos reducidos /
Zapisane w:
| 1. autor: | |
|---|---|
| Format: | Książka |
| Język: | hiszpański |
| Hasła przedmiotowe: | |
| Etykiety: |
Nie ma etykietki, Dołącz pierwszą etykiete!
|
MARC
| LEADER | 00000nam^a2200000^a^4500 | ||
|---|---|---|---|
| 001 | 000303727 | ||
| 005 | 20250521000000.0 | ||
| 009 | 20260310112658.225 | ||
| 037 | |a Acervo Xavier Clavigero | ||
| 041 | |a ESP | ||
| 082 | |a 248. 4 |b GOM | ||
| 100 | |a Gómez Pérez, Rafael |e (autor) | ||
| 245 | 1 | 0 | |a Familias a todo dar : |b ensayos de pedagogía familiar : 20 temas redactados especialmente para estudio en grupos reducidos / |c R. Gómez Pérez. |
| 264 | |a México : |b Buena Prensa [dist.], |c 1974 | ||
| 300 | |a 347 p. | ||
| 336 | |a texto |b txt |2 rdacontenido | ||
| 337 | |a sin mediación |b n |2 rdamedio | ||
| 338 | |a volumen |b nc |2 rdasoporte | ||
| 649 | |a XX | ||
| 650 | |a Etica - |x Estudio y Enseñanza | ||
| 650 | |a Matrimonio | ||
| 650 | |a Relaciones Padres-Hijos | ||
| 650 | |a Relaciones entre Hermanos | ||
| 650 | |a Relaciones Familiares | ||
| 650 | |a Familia | ||
| 650 | |a Relaciones Intergénero | ||
| 650 | |a Comunicación Personal | ||
| 650 | |a Axiología de la Educación | ||
| 650 | |a Educación Física | ||
| 650 | |a Educación Familiar - |x Tema Principal | ||
| 650 | |a Educación Sexual | ||
| 650 | |a Vida Cristiana - |x Tema Principal | ||
| 650 | |a Cristianismo | ||
| 650 | |a Religión | ||
| 910 | |a Fondo General | ||
| 920 | |a Impresos - Libros | ||
| 930 | |a Colección General | ||
| 905 | |a 101 | ||
| 901 | |a 001652 |b IT1 |c ACC |u 20250521 | ||
| 901 | |a 011129 |b IT1 |c ACC |u 20250521 | ||
| 902 | |a https://opac.biblio.iteso.mx/vufind/Record/000303727 | ||